| 000 | 01251nam a22003617a 4500 | ||
|---|---|---|---|
| 003 | CHAP | ||
| 005 | 20220329141641.0 | ||
| 008 | 971013s1983 r 00010 d | ||
| 010 | _a71672 | ||
| 011 | _a72644 | ||
| 035 | _a82200 | ||
| 040 | _cCHAP | ||
| 090 | _aTesis | ||
| 100 | 0 | 0 |
_aCampos Escudero, Albino E. _918100 |
| 245 | _aRespuesta del rendimiento físico y económico del frijol (Phaseolus vulgaris L.) al efecto de malezas, plagas y sistemas de producción | ||
| 260 |
_aChapingo, Méx. : _bEl autor, _c1983 |
||
| 300 |
_a116 h. _b: gráfs. |
||
| 502 | _aTesis (M. C. Esp. en Genética) -- CP. Centro de Genética | ||
| 590 |
_aALEPH _b10 _c20130110 _lUCH01 _h1412 |
||
| 590 |
_aBATCH-UPD _b10 _c20130110 _lUCH01 _h0249 |
||
| 590 |
_aBATCH-UPD _b10 _c20130110 _lUCH01 _h1629 |
||
| 590 |
_aBATCH-UPD _b10 _c20130410 _lUCH01 _h1413 |
||
| 590 |
_aBATCH-UPD _b10 _c20130914 _lUCH01 _h0831 |
||
| 590 |
_aCONVERSION _b10 _c20130109 _lUCH01 _h1339 |
||
| 650 | 1 | 4 |
_aFrijol _xMalas hierbas. _943400 |
| 650 | 1 | 4 |
_aFrijol _xPlagas. _943415 |
| 650 | 1 | 4 |
_aFrijol _xRendimiento. _943429 |
| 650 | 1 | 4 |
_aSiemba múltiple. _9105837 |
| 901 | _aBK | ||
| 942 | _cFOLL | ||
| 949 |
_bBC _cTES _d-36107 _eTS1 _i82200 _si |
||
| 949 |
_bBC _cTES _d-36108 _eTS2 _fc.2 _i82200 _si |
||
| 999 |
_c71672 _d71672 |
||